000 00834nam a2200265 i 4500
001 bg
100 1 _aHaken, Hermann.
245 1 0 _aŚwiatło :
_bfale, fotony, atomy /
_cH. Haken ; [z ang. przetł. Wanda Stępień-Rudzka].
246 _iTyt. oryg.:
_aLight : waves, photons, atoms
260 _aWarszawa :
_bWydaw. Naukowe PWN,
_c1993.
300 _a340, [4] s. :
_brys., wykr. ;
_c24 cm.
500 _aOryg. : "Light : waves, photons, atoms" 1986.
504 _aBibliogr. s. 332-338. - Indeks.
650 9 _aKwantowa teoria pola
650 9 _aŚwiatło
655 _aPodręczniki akademickie
700 1 _aStępień-Rudzka, Wanda.
_eTł.
020 _a8301112115
040 _cBPK
041 1 _apl
_hen
080 _a535(075.8)
920 _a83-01-11211-5
942 _cKS
008 s pl f |000 0 pol
999 _c30693
_d30693
856 _uhttp://koha.tu.koszalin.pl/cgi-bin/koha/opac-detail.pl?biblionumber=30693
_yKatalog online BPK